| 000 | 00397 a2200169 4500 | ||
|---|---|---|---|
| 001 | 68193 | ||
| 020 | _a9788563365125 | ||
| 040 | _cAnchieta - Pituba | ||
| 100 | _aDufaux, Ermance (espírito) | ||
| 240 | 1 | 0 |
_aReforma íntima sem martírio _lpor |
| 245 | 1 | 0 | _aReforma íntima sem martírio |
| 300 | _a291 | ||
| 362 | 0 | _a2012 | |
| 440 | 1 | _aDufaux Editora | |
| 650 | 4 | _aEspiritismo | |
| 942 | _cBK | ||
| 999 |
_c68193 _d68193 |
||